<?xml version="1.0" encoding="UTF-8"?>
<record
    xmlns:xsi="http://www.w3.org/2001/XMLSchema-instance"
    xsi:schemaLocation="http://www.loc.gov/MARC21/slim http://www.loc.gov/standards/marcxml/schema/MARC21slim.xsd"
    xmlns="http://www.loc.gov/MARC21/slim">

  <leader>01180nam0a22002771  4500</leader>
  <controlfield tag="001">rc\4223393</controlfield>
  <controlfield tag="005">20260407111220.0</controlfield>
  <datafield tag="021" ind1=" " ind2=" ">
    <subfield code="a">RU</subfield>
    <subfield code="b">[63-53253]</subfield>
  </datafield>
  <datafield tag="035" ind1=" " ind2=" ">
    <subfield code="a">(NLR Aleph) 008460253</subfield>
  </datafield>
  <datafield tag="090" ind1=" " ind2=" ">
    <subfield code="a">7864808</subfield>
    <subfield code="c">7864808</subfield>
  </datafield>
  <datafield tag="100" ind1=" " ind2=" ">
    <subfield code="a">20130416d1963    |||y0rusy50      ca</subfield>
  </datafield>
  <datafield tag="101" ind1="0" ind2=" ">
    <subfield code="a">rus</subfield>
  </datafield>
  <datafield tag="102" ind1=" " ind2=" ">
    <subfield code="a">RU</subfield>
  </datafield>
  <datafield tag="105" ind1=" " ind2=" ">
    <subfield code="a">y   z   |||||</subfield>
  </datafield>
  <datafield tag="200" ind1="1" ind2=" ">
    <subfield code="a">X &#x441;&#x44A;&#x435;&#x437;&#x434; &#x43F;&#x430;&#x440;&#x442;&#x438;&#x438; &#x438; &#x435;&#x433;&#x43E; &#x440;&#x435;&#x448;&#x435;&#x43D;&#x438;&#x44F;</subfield>
    <subfield code="a">&#x41F;&#x435;&#x440;&#x435;&#x445;&#x43E;&#x434; &#x43A; &#x43D;&#x43E;&#x432;&#x43E;&#x439; &#x44D;&#x43A;&#x43E;&#x43D;&#x43E;&#x43C;&#x438;&#x447;&#x435;&#x441;&#x43A;&#x43E;&#x439; &#x43F;&#x43E;&#x43B;&#x438;&#x442;&#x438;&#x43A;&#x435;</subfield>
    <subfield code="e">(&#x41A;&#x43E;&#x43D;&#x441;&#x43F;&#x435;&#x43A;&#x442; &#x43B;&#x435;&#x43A;&#x446;&#x438;&#x439;)</subfield>
    <subfield code="f">&#x41C;-&#x432;&#x43E; &#x432;&#x44B;&#x441;&#x448;. &#x438; &#x441;&#x440;&#x435;&#x434;. &#x441;&#x43F;&#x435;&#x446;. &#x43E;&#x431;&#x440;&#x430;&#x437;&#x43E;&#x432;&#x430;&#x43D;&#x438;&#x44F; &#x420;&#x421;&#x424;&#x421;&#x420;. &#x41C;&#x43E;&#x441;&#x43A;. &#x43E;&#x440;&#x434;&#x435;&#x43D;&#x430; &#x41B;&#x435;&#x43D;&#x438;&#x43D;&#x430; &#x430;&#x432;&#x438;&#x430;&#x446;. &#x438;&#x43D;-&#x442; &#x438;&#x43C;. &#x421;&#x435;&#x440;&#x433;&#x43E; &#x41E;&#x440;&#x434;&#x436;&#x43E;&#x43D;&#x438;&#x43A;&#x438;&#x434;&#x437;&#x435;</subfield>
  </datafield>
  <datafield tag="210" ind1=" " ind2=" ">
    <subfield code="a">&#x41C;&#x43E;&#x441;&#x43A;&#x432;&#x430;</subfield>
    <subfield code="c">&#x411;. &#x438;.</subfield>
    <subfield code="d">1963</subfield>
  </datafield>
  <datafield tag="215" ind1=" " ind2=" ">
    <subfield code="a">26 &#x441;.</subfield>
    <subfield code="d">20</subfield>
  </datafield>
  <datafield tag="601" ind1="0" ind2="2">
    <subfield code="a">&#x41A;&#x41F;&#x421;&#x421;</subfield>
    <subfield code="x">&#x418;&#x441;&#x442;&#x43E;&#x440;&#x438;&#x44F;</subfield>
    <subfield code="z">1921-1925</subfield>
    <subfield code="2">psbo</subfield>
  </datafield>
  <datafield tag="606" ind1=" " ind2=" ">
    <subfield code="a">&#x41D;&#x43E;&#x432;&#x430;&#x44F; &#x44D;&#x43A;&#x43E;&#x43D;&#x43E;&#x43C;&#x438;&#x447;&#x435;&#x441;&#x43A;&#x430;&#x44F; &#x43F;&#x43E;&#x43B;&#x438;&#x442;&#x438;&#x43A;&#x430; (&#x41D;&#x42D;&#x41F;)</subfield>
    <subfield code="2">psbo</subfield>
  </datafield>
  <datafield tag="700" ind1=" " ind2="1">
    <subfield code="a">&#x410;&#x43A;&#x438;&#x43C;&#x43E;&#x432;&#x430;</subfield>
    <subfield code="b">&#x410;.&#x424;.</subfield>
    <subfield code="g">&#x410;&#x43B;&#x435;&#x43A;&#x441;&#x430;&#x43D;&#x434;&#x440;&#x430; &#x424;&#x435;&#x434;&#x43E;&#x440;&#x43E;&#x432;&#x43D;&#x430;</subfield>
  </datafield>
  <datafield tag="712" ind1="0" ind2="2">
    <subfield code="a">&#x420;&#x41A;&#x41F;(&#x431;)</subfield>
    <subfield code="b">&#x421;&#x44A;&#x435;&#x437;&#x434;</subfield>
    <subfield code="d">10</subfield>
    <subfield code="f">1921</subfield>
    <subfield code="e">&#x41C;&#x43E;&#x441;&#x43A;&#x432;&#x430;</subfield>
    <subfield code="3">RU\NLR\AUTH\8810063204</subfield>
    <subfield code="9">628009</subfield>
  </datafield>
  <datafield tag="801" ind1=" " ind2="0">
    <subfield code="a">RU</subfield>
    <subfield code="b">NLR</subfield>
    <subfield code="g">psbo</subfield>
  </datafield>
  <datafield tag="801" ind1=" " ind2="1">
    <subfield code="a">RU</subfield>
    <subfield code="b">ELAR</subfield>
    <subfield code="2">rusmarc</subfield>
  </datafield>
  <datafield tag="852" ind1=" " ind2=" ">
    <subfield code="a">NLR</subfield>
    <subfield code="j">63-4/12737</subfield>
  </datafield>
  <datafield tag="942" ind1=" " ind2=" ">
    <subfield code="c">BOOK</subfield>
  </datafield>
  <datafield tag="980" ind1=" " ind2=" ">
    <subfield code="a">NB</subfield>
  </datafield>
  <datafield tag="995" ind1=" " ind2=" ">
    <subfield code="5">2013-10-26</subfield>
    <subfield code="b">NLR01</subfield>
    <subfield code="c">NLR01</subfield>
    <subfield code="e">RF31</subfield>
    <subfield code="f">8460253-10</subfield>
    <subfield code="k">63-4/12737</subfield>
    <subfield code="o">0</subfield>
    <subfield code="r">BOOK</subfield>
    <subfield code="s">63412737_</subfield>
  </datafield>
</record>
